000
00215nam a22000977a 4500
003
OSt
008
200922b ||||| |||| 00| 0 eng d
100
_a
Thomas, C. J
_9
4324
245
_a
Manushyante valarcha
942
_c
BK
999
_c
16340
_d
16340